Η χρήση τρισδιάστατων γραφικών στην αρχαιολογία και στην αποκατάσταση αρχαίων κτιρίων : η περίπτωση του ιερού του Μέσσου στην Αγία Παρασκευή Λέσβου : μεταπτυχιακή διατριβή
Αποθηκεύτηκε σε:
| Κύριος συγγραφέας: | |
|---|---|
| Συγγραφή απο Οργανισμό/Αρχή: | |
| Άλλοι συγγραφείς: | |
| Μορφή: | Thesis Βιβλίο |
| Γλώσσα: | Greek |
| Δημοσίευση: |
2007.
|
| Θέματα: | |
| Διαθέσιμο Online: | http://hdl.handle.net/11610/16048 |
| Ετικέτες: |
Προσθήκη ετικέτας
Δεν υπάρχουν, Καταχωρήστε ετικέτα πρώτοι!
|
MARC
| LEADER | 00000cam a2200000 i 4500 | ||
|---|---|---|---|
| 001 | 1/44131 | ||
| 008 | 070511s2007 gr | ||| |||| ||gre|| | ||
| 035 | |l 10087783 | ||
| 040 | |a GR-MyUa |b gre |e AACR2 | ||
| 041 | 0 | |a gre | |
| 082 | 7 | |a 930.028566 |2 (22) | |
| 100 | 1 | |a Κουρτζέλλης, Ιωάννης Ε. | |
| 245 | 1 | 2 | |a Η χρήση τρισδιάστατων γραφικών στην αρχαιολογία και στην αποκατάσταση αρχαίων κτιρίων : |b η περίπτωση του ιερού του Μέσσου στην Αγία Παρασκευή Λέσβου : μεταπτυχιακή διατριβή / |c Ιωάννης Κουρτζέλλης ; επιτροπή αξιολόγησης Ευαγγελία Σαμπανίκου, Γεράσιμος Παυλογεωργάτος, Χρήστος Αναγνωστόπουλος. |
| 260 | |c 2007. | ||
| 300 | |a 179 σ. : |b έγχρ. εικ. ; |c 30 εκ. | ||
| 502 | |a Διατριβή (μεταπτυχιακή) – Πανεπιστήμιο Αιγαίου, Λέσβος, 2007. | ||
| 504 | |a Βιβλιογραφία: σ. 169-179. | ||
| 650 | 0 | |a Archaeology |z Greece |z Hagia Paraskeue (Lesbos Island) | |
| 650 | 0 | |a Digital computer simulation. | |
| 650 | 0 | |a Archaeology |x Computer simulation. | |
| 650 | 0 | |a Dissertations, Academic |z Greece. | |
| 700 | 1 | |a Αναγνωστόπουλος, Χρήστος, |e dgs | |
| 700 | 1 | |a Παυλογεωργάτος, Γεράσιμος Δ. |e dgs | |
| 700 | 1 | |a Σαμπανίκου, Εύη Δημ., |d 1965- |e dgsf | |
| 710 | 2 | |a Πανεπιστήμιο Αιγαίου. |b Σχολή Κοινωνικών Επιστημών. |b Τμήμα Πολιτισμικής Τεχνολογίας και Επικοινωνίας. |b Πρόγραμμα Μεταπτυχιακών Σπουδών Πολιτισμική Πληροφορική και Επικοινωνία. | |
| 852 | |a INST |b LESVOS |c DIATR |e 20070511 |h 79 |p 005100038394 |q 005100038394 |t MTXE |y 23 | ||
| 852 | |a INST |b LESVOS |c DIATR |e 20070511 |h 80 |p 005100038393 |q 005100038393 |t MTXE |y 23 | ||
| 856 | |u http://hdl.handle.net/11610/16048 | ||
| 901 | |a BIBL1-2007-2 | ||
| 924 | |a Κουρτζέλλης |b Ιωάννης |y Λέσβος |z 2007-05 | ||
| 970 | |a ΒΑΡΚΑ |b ΕΛΕΥΘΕΡΙΑ |z 2007/05/11 | ||